Responses for Jeopardy! Masters game #10 - Monday, May 15, 2023

2023 Jeopardy! Masters quarterfinal game 10.

Contestants

[<< previous game]

Sam Buttrey, an associate professor at the Naval Postgraduate School from Pacific Grove, California

Andrew He, a software developer from San Francisco, California

James Holzhauer, a self-described game show villain from Las Vegas, Nevada

[next game >>]

Jeopardy! Round responses

THE FRENCH REVOLUTION
WHAT A LITERARY CHARACTER!
GREAT SPORTS CALLS
MUSICAL INSTRUMENTS & ACCESSORIES
FROM THE GREEK
MY MISSED CAREER, SUBSTITUTE TEACHER
    200 30
"The Marseillaise"

Sam
    200 28
Darcy

James
    200 23
(Sam: What is [*]?)
(Ken: That's it? That's all you got?)
(Sam: That's all I got.)

GOOOAAAL!

Sam
    200 24
metronome

Sam
    200 21
euphoria

Andrew
    200 26
Copland

James
    400 29
(Sam: [Selecting the last clue with a beckoning flick of his index finger] Bring it.)
(Ken: I will bring it to you, Sam.)

the months of the year

Sam
    400 27
Auric

James
    400 22
Frazier

Sam
    400 18
a mute

Andrew
    400 20
kinetic

Sam
    400 25
Sons of Liberty

James
    600 15
the Necklace

James
    600 16
Rob Roy

Sam
    600 11
(Andrew: Who are the Broncos?)

the Rams

JamesAndrew
    600 17
(Sam: What is resin? [*]?)

rosin

Sam
    600 19
a chrysalis

James
    600 9
Rafer Johnson

Sam
    800 14
a tennis court

Andrew
    2,000 4
(Ken: You have 2,000 points, Andrew, and could double it if so inclined.)
(Andrew: Uh, I'll bet... 2,000 plus all of James's points.)
[James has 0 points.]
(Ken: [Laughs] Yeah, I think--I think James's score is still on there, actually.)
[James employs a bit of convincing stage combat to hit Andrew over the head with James's ToC championship belt. Andrew plays along and folds over to his left before recovering. Sam and the audience laugh; Sam applauds with three claps.]
...
(Ken: The Crying of [*] is the work, yes.)

lot 49

Andrew
    800 10
Jack Buck

James
    800 12
(Sam: What's celestina?)

a celesta

AndrewSam
    800 7
rhombus

Andrew
    800 8
islets of Langerhans

James
    1000 13
Champ de Mars

James
    1000 2
(Saul) Bellow

Andrew
    1000 1
(Ken: Let's show those at home who would like to know where the Daily Double's going to be located in this round. [Beep boop] The players, of course, don't know, but James, you select first. Where to?)

Gonzaga

James
    1000 5
Cremona

James
    1000 6
cephalopod

James
    1000 3
(James: What's Outer Mongolia?)

Xinjiang

JamesAndrew

Scores at the end of the Jeopardy! Round:

James Andrew Sam
7,600 6,400 2,800

Double Jeopardy! Round responses

3-WORD PLACE NAMES
WHATEVER FLOATS
ESSAYS
TV THERAPISTS
ARCHAEOLOGY
GET "EM"!
(Ken: All responses will begin with the letters E-M.)
    400 24
(Ken: The Warwickshire hero? William Shakespeare. This is [*].)

Stratford-upon-Avon

Triple Stumper
    400 28
a pontoon

James
    400 27
Wakanda

Andrew
    400 26
Seattle

James
    400 30
tree rings

Sam
    400 29
(Sam: [Selecting the last clue by beckoning with a full-hand wave] Bring it!)
(Ken: I will bring it again!)

emaciated

Sam
    800 23
Port-au-Prince

Sam
    800 17
a message in a bottle

James
    800 8
(Ken: Correct, but yours looks great.)
(Sam: Thank you.)

Neck

Sam
    800 25
Lorraine Bracco (on The Sopranos)

James
    800 5
(Sam: What is Vesuvius?)
(Ken: No.)
(Sam: Ah! D'oh!)

Herculaneum

JamesSam
    800 14
emend

James
    9,200 2
(James: [Wagering] All right, for you, Granny. 9,200.)

Rio de Janeiro

James
    1200 15
outstanding shares

James
    1200 6
hobgoblin

James
    1200 19
The Bob Newhart Show

Sam
    1200 4
a tell

Triple Stumper
    1200 12
empirical

Sam
    1600 1
(Ken: We'll show the home audience, if they wanna know, where the Daily Doubles are located in this round. [Beep boop] There we see them. And Sam, you can select.)
(Sam: Okay, I'll take STUFF ONLY OLD GUYS WOULD KNOW for four h--oh, it's not up there.)
[Laughter]

King of Prussia

James
    1600 16
(Sam: What's keratin?)

collagen

Sam
Triple Stumper
    1600 7
(James: What is Boardwalk?)

Marvin Gardens

JamesAndrew
    1600 20
(Andrew: [Sighs, shakes head] Sorry.)

Lucifer

JamesAndrew
    1600 3
the Clovis Culture

Triple Stumper
    1600 11
an emollient

Sam
    2000 9
Aix-en-Provence

Triple Stumper
    2000 18
Endymion

Sam
    5 21
Galvani

James
    2000 22
[Andrew gave the surname after a brief pause, overlapping with being ruled correct.]
(Ken: That's correct, there are dozens of them!)

Tobias (Fünke)

Andrew
    2000 13
the HMS Erebus

Triple Stumper
    2000 10
an embayment

Triple Stumper

Scores at the end of the Double Jeopardy! Round:

James Andrew Sam
24,805 8,800 8,800
(lock game)

[wagering suggestions for these scores]

Final Jeopardy! Round responses

19th CENTURY FIRST LADIES
[Sam's response was revealed first.]
(Ken: [To Andrew] Yes, [**], famously a clean, even puritanical liver.)
...
(Ken: [To James] James... don't--don't make me come over there. I--I know you've got the belt.)
(James: [Picking up belt] Oh, yeah. Let's go. Let's go, buddy.)
(Ken: I--I don't think I have any weapons at all in my lectern.)
AndrewWho is Lucy Hayes?
0
SamWho is Grant?
8,800
JamesIf a Ken falls in the forest and no one's around, does it make a dad joke?
806
Lucy Hayes ("Lemonade Lucy")

Final scores:

James Andrew Sam
23,999 8,800 0
Winner: 12 match points 2nd place: 9 match points 3rd place: 2 match points

Game dynamics:

Coryat scores:

James Andrew Sam
18,800 7,600 8,800
25 R
(including 2 DDs),
2 W
11 R
(including 1 DD),
2 W
17 R,
3 W

Combined Coryat: 35,200

[game clues] [game scores] [suggest correction]

Game tape date: 2023-05-02
The J! Archive is created by fans, for fans. Scraping, republication, monetization, and malicious use prohibited; this site may use cookies and collect identifying information. See terms. The Jeopardy! game show and all elements thereof, including but not limited to copyright and trademark thereto, are the property of Jeopardy Productions, Inc. and are protected under law. This website is not affiliated with, sponsored by, or operated by Jeopardy Productions, Inc. Join the discussion at JBoard.tv.